Southville International School and Colleges
Your cart is empty.
  • Cart
  • Lists
    Public lists Eva Luna New books Lux_list list_1
    Your lists Log in to create your own lists
  • Log in to your account
  • Your cookies
  • Search history
Southville International School and Colleges
  • Advanced search
  • Recent comments
  • Most popular
  • Libraries

Log in to your account

Log in with GOOGLE


If you do not have an external account, but do have a local account, you can still log in:

  1. Home
  2. MARC view: Algebra, the easy way /
Normal view MARC view ISBD view

Algebra, the easy way / (Record no. 15118)

[ view plain ]
MARC details
000 -LEADER
fixed length control field 00933pam a2200325 a 4500
001 - CONTROL NUMBER
control field 1035171
003 - CONTROL NUMBER IDENTIFIER
control field OSt
005 - DATE AND TIME OF LATEST TRANSACTION
control field 20140310182656.0
008 - FIXED-LENGTH DATA ELEMENTS--GENERAL INFORMATION
fixed length control field 890227s1989 nyua 001 0 eng
010 ## - LIBRARY OF CONGRESS CONTROL NUMBER
LC control number 89006455
020 ## - INTERNATIONAL STANDARD BOOK NUMBER
International Standard Book Number 0812041941 (pbk.)
040 ## - CATALOGING SOURCE
Original cataloging agency DLC
Transcribing agency DLC
Modifying agency DLC
050 00 - LIBRARY OF CONGRESS CALL NUMBER
Classification number QA 152.2
Item number .D7581 1989
082 00 - DEWEY DECIMAL CLASSIFICATION NUMBER
Classification number M 512
Item number D75 1989
100 1# - MAIN ENTRY--PERSONAL NAME
Personal name Downing, Douglas.
245 10 - TITLE STATEMENT
Title Algebra, the easy way /
Statement of responsibility, etc Downing, Douglas
246 1# - VARYING FORM OF TITLE
Display text At head of title:
Title proper/short title Barron's
250 ## - EDITION STATEMENT
Edition statement 2nd ed.
260 ## - PUBLICATION, DISTRIBUTION, ETC. (IMPRINT)
Place of publication, distribution, etc Hauppauge, N.Y. :
Name of publisher, distributor, etc Barron's,
Date of publication, distribution, etc c1989.
300 ## - PHYSICAL DESCRIPTION
Extent xiv, 318 p. :
Other physical details ill. ;
Dimensions 28 cm.
500 ## - GENERAL NOTE
General note Includes index.
521 ## - TARGET AUDIENCE NOTE
Target audience note
526 ## - STUDY PROGRAM INFORMATION NOTE
Reading level 1210L to 1700L
541 ## - IMMEDIATE SOURCE OF ACQUISITION NOTE
-- 1
562 ## - COPY AND VERSION IDENTIFICATION NOTE
Number of copies for circulation. 1 copy available in the collection
650 #0 - SUBJECT ADDED ENTRY--TOPICAL TERM
Topical term or geographic name as entry element Algebra.
906 ## - LOCAL DATA ELEMENT F, LDF (RLIN)
a 7
b cbc
c orignew
d 1
e ocip
f 19
g y-gencatlg
942 ## - ADDED ENTRY ELEMENTS (KOHA)
Source of classification or shelving scheme Library of Congress Classification
Koha item type Books
Call number prefix
Holdings
Withdrawn status Lost status Source of classification or shelving scheme Damaged status Home library Current library Shelving location Date acquired Source of acquisition Total Checkouts Total Renewals Full call number Barcode Date last seen Date checked out Copy number Price effective from Koha item type
    Library of Congress Classification   Archives Archives   04/18/2012 Donation 2 6 QA 152.2 .D751 1989 C4410 05/15/2018 07/05/2017 1 11/14/2013 Books

Algebra, the easy way /

APA

Downing D., . (1989). Algebra, the easy way. Hauppauge, N.Y: Barron's.

Chicago

Downing Douglas, . 1989. Algebra, the easy way. Hauppauge, N.Y: Barron's.

Harvard

Downing D., . (1989). Algebra, the easy way. Hauppauge, N.Y: Barron's.

MLA

Downing Douglas, . Algebra, the easy way. Hauppauge, N.Y: Barron's. 1989.

  • Place hold
  • Print
  • Cite
  • Add to your cart (remove)
  • Save record
    BIBTEX Dublin Core MARCXML MARC (non-Unicode/MARC-8) MARC (Unicode/UTF-8) MARC (Unicode/UTF-8, Standard) MODS (XML) RIS
  • More searches
    Search for this title in:
    Other Libraries (WorldCat) Other Databases (Google Scholar) Online Stores (Bookfinder.com) Open Library (openlibrary.org)

Exporting to Dublin Core...

SOUTHVILLE LIBRARY

Southville International School and Colleges Library

1281 Tropical Ave. Cor. Luxembourg St., BF Homes International, Las Pinas City

Tel. No. 8256374 / 252358 Loc. 117/146

Powered by Koha